书目信息 |
| 题名: |
AutoCAD实用教程
|
|
| 作者: | 龙素丽 , 丁进 主编 | |
| 分册: | ||
| 出版信息: | 天津 天津大学出版社 2014 |
|
| 页数: | 183页 | |
| 开本: | 26cm | |
| 丛书名: | ||
| 单 册: | ||
| 中图分类: | TH126 | |
| 科图分类: | ||
| 主题词: | 机械制图--AutoCAD软件--职业大学--教材 , 机械制图 , AutoCAD软件 | |
| 电子资源: | ||
| ISBN: | 978-7-5618-4974-3 | |
| 000 | 01065nam0 2200265 450 | |
| 001 | 142580 | |
| 005 | 20141223121634.82 | |
| 010 | @a978-7-5618-4974-3@dCNY 26.00 | |
| 100 | @a20140512d2014 em y0chiy50 ea | |
| 101 | 0 | @achi |
| 102 | @aCN@b120000 | |
| 105 | @aa z 000yy | |
| 200 | 1 | @aAutoCAD实用教程@9AutoCAD shi yong jiao cheng@b专著@e2D机械篇@f丁进,龙素丽主编 |
| 210 | @a天津@c天津大学出版社@d2014 | |
| 215 | @a183页@c图@d26cm | |
| 300 | @a卓越系列·21世纪高职高专精品规划教材 国家示范性高等职业院校特色教材 | |
| 330 | @a本书分为入门篇、进阶篇及提高篇,内容包括:AutoCAD绘图环境认识与设置、AutoCAD绘图环境设置与基本操作、绘制简单2D图形、绘制典型2D图形、文字标注与尺寸标注、绘制轴测图等九个模块,每个模块由学习目标、学习任务、方法详解、任务拓展及参与挑战五个模块组成。 | |
| 606 | 0 | @a机械制图@xAutoCAD软件@x职业大学@j教材 |
| 606 | 0 | @a机械制图 |
| 606 | 0 | @aAutoCAD软件 |
| 690 | @aTH126@v5 | |
| 701 | 0 | @a龙素丽@9long su li@c(女,@f1965 )@4主编 |
| 701 | 0 | @a丁进@9ding jin@c(机电工程)@4主编 |
| 801 | 0 | @c20141223 |
| 905 | @a241430@dTH126@eD535 | |
| AutoCAD实用教程:2D机械篇/丁进,龙素丽主编.-天津:天津大学出版社,2014 |
| 183页:图;26cm |
| 卓越系列·21世纪高职高专精品规划教材 国家示范性高等职业院校特色教材 |
| ISBN 978-7-5618-4974-3:CNY 26.00 |
| 本书分为入门篇、进阶篇及提高篇,内容包括:AutoCAD绘图环境认识与设置、AutoCAD绘图环境设置与基本操作、绘制简单2D图形、绘制典型2D图形、文字标注与尺寸标注、绘制轴测图等九个模块,每个模块由学习目标、学习任务、方法详解、任务拓展及参与挑战五个模块组成。 |
| ● |
| 相关链接 |
|
|
|
正题名:AutoCAD实用教程
索取号:TH126/D535
 
预约/预借
| 序号 | 登录号 | 条形码 | 馆藏地/架位号 | 状态 | 备注 |
| 1 | 1135287 | 211352873 | 自科库501/501自科库 35排2列2层/ [索取号:TH126/D535] | 在馆 | |
| 2 | 1135288 | 211352882 | 自科库501/501自科库 35排2列2层/ [索取号:TH126/D535] | 在馆 | |
| 3 | 1135289 | 211352891 | 自科库501/501自科库 35排2列2层/ [索取号:TH126/D535] | 在馆 |